| Tag |
First Indicator |
Second Indicator |
Subfields |
| LEADER |
00000cam a2200000 a 4500 |
| 001 |
in00001073708 |
| 005 |
20150929111235.0 |
| 008 |
920803s1992 waua b 101 0 eng d |
| 010 |
|
|
|a 92080310
|
| 020 |
|
|
|a 0819408239
|
| 035 |
|
|
|a (OCoLC)26321780
|
| 035 |
|
|
|9 AFQ4047AM
|
| 040 |
|
|
|a SCT
|c SCT
|d TXA
|d UtOrBLW
|
| 049 |
|
|
|a TXAM
|
| 090 |
|
|
|a TK7882.I6
|b S74 1992
|
| 245 |
0 |
0 |
|a Stereoscopic displays and applications III :
|b 12-13 February 1992, San Jose, California /
|c John O. Merritt, Scott S. Fisher, chairs/editors ; sponsored by SPIE--the International Society for Optical Engineering, IS&T--the Society for Imaging Science and Technology.
|
| 264 |
|
1 |
|a Bellingham, Wash., USA :
|b SPIE,
|c [1992]
|
| 264 |
|
4 |
|c ©1992
|
| 300 |
|
|
|a x, 269 pages :
|b illustrations ;
|c 28 cm.
|
| 336 |
|
|
|a text
|b txt
|2 rdacontent
|
| 337 |
|
|
|a unmediated
|b n
|2 rdamedia
|
| 338 |
|
|
|a volume
|b nc
|2 rdacarrier
|
| 490 |
1 |
|
|a Proceedings / SPIE--the international society for optical engineering ;
|v v. 1669
|
| 504 |
|
|
|a Includes bibliographical references and index.
|
| 650 |
|
0 |
|a Three-dimensional display systems
|v Congresses.
|
| 700 |
1 |
|
|a Merritt, John O.
|
| 700 |
1 |
|
|a Fisher, Scott S.
|
| 710 |
2 |
|
|a Society of Photo-optical Instrumentation Engineers.
|
| 710 |
2 |
|
|a IS & T--the Society for Imaging Science and Technology.
|
| 711 |
2 |
|
|a Electronic Imaging Science and Technology Symposium.
|
| 740 |
0 |
|
|a Stereoscopic displays and applications three.
|
| 740 |
0 |
|
|a Stereoscopic displays and applications 3.
|
| 830 |
|
0 |
|a Proceedings of SPIE--the International Society for Optical Engineering ;
|v v. 1669.
|
| 999 |
|
|
|a MARS
|
| 999 |
f |
f |
|s 26771d49-24ce-337b-84bb-07a14ceb3523
|i 80a1f096-060c-34e5-97a6-6d8af7099e30
|t 0
|
| 952 |
f |
f |
|p ric
|a Texas A&M University
|b Rellis Campus
|c Joint Library Facility
|d Remote Storage
|t 0
|e TK7882.I6 S74 1992
|h Library of Congress classification
|i unmediated -- volume
|m A14816155878
|
| 998 |
f |
f |
|a TK7882.I6 S74 1992
|t 0
|l Remote Storage
|